Đang tải...

Investigations on the biology of Indian Mackerel Rastrelliger kanagurta (Cuvier) along the Central Kerala coast with special reference to maturation, feeding and lipid dynamics(Thesis)

Chi tiết về thư mục
Tác giả chính: Ganga, U
Tác giả của công ty: Radhakrishnan C. K; gudied by
Tác giả khác: Lipied dynamics
Định dạng: Ph.D Thesis
Ngôn ngữ:English
Được phát hành: Kochi Faculty of Marine Sciences; CUSAT 2010
Những chủ đề:
LEADER 00880nam a22002057a 4500
005 20151026133253.0
008 130612b xxu||||| |||| 00| 0 eng d
080 |a 597.556.334.1  |b GAN 
100 |a Ganga, U 
245 |a Investigations on the biology of Indian Mackerel Rastrelliger kanagurta (Cuvier) along the Central Kerala coast with special reference to maturation, feeding and lipid dynamics(Thesis)  |c Ganga U; guided by C. K. Radharkrishnan 
260 |a Kochi  |b Faculty of Marine Sciences; CUSAT  |c 2010 
300 |a 159p. 
653 |a Indian Mackerel - Central Kerala coast 
653 |a Maturation dynamics 
653 |a Feeding dynamics 
700 |a Lipied dynamics 
710 |a Radhakrishnan C. K; gudied by 
942 |c TH  |6 _ 
999 |c 66865  |d 66865 
952 |0 0  |1 0  |2 udc  |4 0  |6 5975563341_GAN  |7 1  |9 79132  |a UL  |b UL  |d 2013-06-12  |o 597.556.334.1 GAN  |p T0000346  |r 2013-06-12  |w 2013-06-12  |y TH